书目信息 |
| 题名: |
南宋农业史
|
|
| 作者: | 方健 著 | |
| 分册: | ||
| 出版信息: | 北京 人民出版社 2010.01 |
|
| 页数: | 40,662页 | |
| 开本: | 24cm | |
| 丛书名: | 南宋史研究丛书 | |
| 单 册: | ||
| 中图分类: | F329.044.2 | |
| 科图分类: | ||
| 主题词: | 农业史--中国--南宋 , 农业史 | |
| 电子资源: | ||
| ISBN: | 978-7-01-008450-3 | |
| 000 | 00962oam2 2200277 450 | |
| 001 | 012004435804 | |
| 005 | 20120612090318.04 | |
| 010 | @a978-7-01-008450-3@dCNY98.00 | |
| 100 | @a20100317d2010 em y0chiy0110 ea | |
| 101 | 0 | @achi |
| 102 | @aCN@b110000 | |
| 105 | @ay z 000yy | |
| 106 | @ar | |
| 200 | 1 | @a南宋农业史@9nan song nong ye shi@f方健著 |
| 210 | @a北京@c人民出版社@d2010.01 | |
| 215 | @a40,662页@d24cm | |
| 225 | 2 | @a南宋史研究丛书 |
| 300 | @a国家“十一五”重点图书出版规划项目 杭州市社会科学院重大课题 | |
| 330 | @a本书内容包括:影响南宋农业诸因素、南宋土地制度及其经营方式、衡量南宋农业生产力发展水平的指标、南宋农学遗产、南宋耕作制度及农业技术的进步、南宋商品性农业及经济作物的繁荣等。 | |
| 461 | 0 | @12001 @a南宋史研究丛书@1701 0@a王国平@4主编 |
| 606 | 0 | @a农业史@y中国@z南宋 |
| 606 | 0 | @a农业史 |
| 690 | @aF329.044.2@v4 | |
| 701 | 0 | @a方健@9fang jian@4著 |
| 801 | 0 | @aCN@bNLC@c20100317 |
| 905 | @b539573-77@dF329.044.2@e130@f5 | |
| 南宋农业史/方健著.-北京:人民出版社,2010.01 |
| 40,662页;24cm.-(南宋史研究丛书) |
| 国家“十一五”重点图书出版规划项目 杭州市社会科学院重大课题 |
| ISBN 978-7-01-008450-3:CNY98.00 |
| 本书内容包括:影响南宋农业诸因素、南宋土地制度及其经营方式、衡量南宋农业生产力发展水平的指标、南宋农学遗产、南宋耕作制度及农业技术的进步、南宋商品性农业及经济作物的繁荣等。 |
| ● |
| 相关链接 |
|
|
|
|
正题名:南宋农业史
索取号:F329.044.2/130
 
预约/预借
| 序号 | 登录号 | 条形码 | 馆藏地/架位号 | 状态 | 备注 |
| 1 | 539573 | 205395730 | 第一样本阅览室/ [索取号:F329.044.2/130] | 在馆 | |
| 2 | 539574 | 205395749 | 第一借阅区/ [索取号:F329.044.2/130] | 在馆 | |
| 3 | 539575 | 205395758 | 第一借阅区/ [索取号:F329.044.2/130] | 在馆 | |
| 4 | 539576 | 205395767 | 第一借阅区/ [索取号:F329.044.2/130] | 在馆 | |
| 5 | 539577 | 205395776 | 第一借阅区/ [索取号:F329.044.2/130] | 在馆 |